University sport representation - effective marketing tool in university management

Enregistré dans:
Détails bibliographiques
Auteur principal: Chebeň, Dušan
Autres auteurs: Chebeň, Juraj
Format: Chapitre de livre
Langue:anglais
Tags: Ajouter un tag
Pas de tags, Soyez le premier à ajouter un tag!

MARC

LEADER 00000naa$a2200000$$$4500
001 0186811
005 20221129075002.1
041 0 |a eng 
044 |a RO 
245 1 0 |a University sport representation - effective marketing tool in university management  |c Dušan Chebeň, Juraj Chebeň 
100 1 |a Chebeň, Dušan 
700 1 |a Chebeň, Juraj